Technology demonstration /

Bibliographic Details
Main Author: Hornyak, David M.
Format: Government Document eBook
Language:English
Published: [Houston, Tex.] : National Aeronautics and Space Administration, Johnson Space Center, [2013]
Series:Researcher's guide to International Space Station ; 15.
Subjects:
Online Access:https://purl.fdlp.gov/GPO/gpo50598

MARC

Tag First Indicator Second Indicator Subfields
LEADER 00000cam a2200000Ii 4500
001 in00003449321
005 20211120172513.0
006 m o d f
007 cr cn||||a||||
008 140711s2013 txua o f000 0 eng d
035 |a (OCoLC)ocn883392636 
040 |a GPO  |b eng  |e rda  |e pn  |c GPO  |d MvI 
049 |a WWW 
074 |a 0830-I-09 (online) 
086 0 |a NAS 1.83/5:2013-06-008-JSC  |z NAS 1.83:2013-06-008-JSC 
088 |a NP-2013-06-008-JSC 
100 1 |a Hornyak, David M. 
245 1 0 |a Technology demonstration /  |c author: David M. Hornyak. 
264 1 |a [Houston, Tex.] :  |b National Aeronautics and Space Administration, Johnson Space Center,  |c [2013] 
300 |a 1 online resource (42 unnumbered pages) :  |b color illustrations. 
336 |a text  |b txt  |2 rdacontent 
337 |a computer  |b c  |2 rdamedia 
338 |a online resource  |b cr  |2 rdacarrier 
490 1 |a A researcher's guide to International Space Station ;  |v 15 
500 |a Title from title screen (viewed on July 11, 2014). 
500 |a "NP-2013-06-008-JSC"--Page [42]. 
610 2 0 |a International Space Station. 
650 0 |a Space stations  |x Technological innovations. 
710 2 |a Lyndon B. Johnson Space Center,  |e issuing body. 
776 0 8 |i Print version:  |a Hornyak, David M.  |t Technology demonstration  |w (OCoLC)883392116 
830 0 |a Researcher's guide to International Space Station ;  |v 15. 
856 4 0 |u https://purl.fdlp.gov/GPO/gpo50598  |t 0 
999 f f |s 7960da4d-f7e6-3069-bac4-f76e95aef57f  |i 51aa41aa-9f7c-3859-a1d8-c045e00fbbc2  |t 0 
952 f f |a Texas A&M University  |b College Station  |c Electronic Resources  |d Available Online  |t 0  |e NAS 1.83:2013-06-008-JSC  |h Superintendent of Documents classification 
998 f f |a NAS 1.83:2013-06-008-JSC  |t 0  |l Available Online